000 01461nam2a22002531 4500
001 RU\NLR\INFOCOMM33\1000064252
005 20250617060350.0
035 _a(NLR Aleph) 002508612
090 _a2658458
_c2658458
100 _a20040409d1930 |||y0rusy50 ca
101 0 _arus
102 _aRU
105 _ay |||||||||
200 1 _aПеревозочная зерноочистительная установка Петкус-Гогенгейм завода бр. Ребер
_fА.Ф. Енш
210 _d1930
_aБ. м.
461 0 _1001RU\NLR\INFOCOMM33\1000064251
_12001#$aБюллетени Института механизации сельского хозяйства Всесоюзной академии сельско-хозяйственных наук им. В.И. Ленина$fСССР. Наркомзем$v№1
_92658449
_aЛенинградский институт механизации сельского хозяйства
_cЛ.
_d1930-1931
_fСССР. Наркомзем
_nИн-т механизации сельск. хоз.
_tБюллетени Института механизации сельского хозяйства Всесоюзной академии сельско-хозяйственных наук им. В.И. Ленина
_v№1
700 1 _aЕнш
_bА.Ф.
_4070
801 1 _aRU
_bInfoComm
_c20040409
801 0 _aRU
_bNLR
_gPSBO
852 _aNLR
_j31-19/495
942 _cISSUE
980 _aNB
980 _aRUSPER